Encyclopedia of Applied Geology (Record no. 42278)

MARC details
000 -LEADER
fixed length control field 00527nam a22001817a 4500
008 - FIXED-LENGTH DATA ELEMENTS--GENERAL INFORMATION
fixed length control field 230612b |||||||| |||| 00| 0 eng d
020 ## - INTERNATIONAL STANDARD BOOK NUMBER
International Standard Book Number 9780387308425
040 ## - CATALOGING SOURCE
Original cataloging agency National Science Library
Transcribing agency National Science Library
080 ## - UNIVERSAL DECIMAL CLASSIFICATION NUMBER
Universal Decimal Classification number R 550.8(03)
Item number M4
245 ## - TITLE STATEMENT
Title Encyclopedia of Applied Geology
260 ## - PUBLICATION, DISTRIBUTION, ETC.
Place of publication, distribution, etc. Boston:
Name of publisher, distributor, etc. Springer,
Date of publication, distribution, etc. 1984
300 ## - PHYSICAL DESCRIPTION
Extent xxviii, 644p.
490 ## - SERIES STATEMENT
Series statement Encyclopedia of earth sciences
Volume/sequential designation xiii
650 ## - SUBJECT ADDED ENTRY--TOPICAL TERM
Topical term or geographic name entry element Science
653 ## - INDEX TERM--UNCONTROLLED
Uncontrolled term Geology
700 ## - ADDED ENTRY--PERSONAL NAME
Personal name Finkl, Charles W (Ed.)
942 ## - ADDED ENTRY ELEMENTS (KOHA)
Source of classification or shelving scheme Universal Decimal Classification
Koha item type Encyclopedia
Holdings
Withdrawn status Lost status Source of classification or shelving scheme Damaged status Not for loan Home library Current library Shelving location Date acquired Total Checkouts Full call number Barcode Date last seen Price effective from Koha item type
    Universal Decimal Classification     National Science Library National Science Library GF/Rk-14/C-13/R-4 11/03/1987   R 550.8(03) M4 168367 12/06/2023 11/03/1987 Encyclopedia